000 00732nam a2200229 a 4500
001 BRCA_3951
005 20190320204504.0
008 130110s1912----gw-a######---#000-0#ger-#
041 _ager
044 _agw
050 4 _aNK4483
_b.S36 1912
100 1 _aSchnorr von Carolsfeld, Ludwig
_910277
245 1 0 _aPorzellan der Europaischen fabriken des 18 Jahrhunderts
_cvon Ludwig Schnorr v. Carolsfeld.
260 _aBerlĂ­n
_bR.C. Schmidt & Co.
_c1912
300 _aviii, 276 p.
_bil.
_c22 cm.
440 0 _aBibliothek fur Kunst-und Antiquitatensammler
_v3
_910278
500 _aCDE9
650 1 4 _aPorcelana
_xColeccionistas y colecciones
_910279
650 1 4 _aPorcelana
_xHistoria
_zEuropa
_910280
902 _aGFM
942 _2lcc
_cB
999 _c3678
_d3678